000 00509nam a22001577a 4500
005 20231116104941.0
008 231116b |||||||| |||| 00| 0 eng d
041 _aEnglish
082 _a343.9 CON
100 _aConradie, AM
_lEnglish
245 _aThe Law of Carriage of Goods by Railway in South Africa /
_cAM Conradie
260 _aDurban :
_bButterworth and Company Ltd,
_c1964
300 _bxv, 165 pages ;
_c23 cm.
650 _aLegal practice
_bLaw
942 _cBK
_6ALISON_BN_VRIES
999 _c726
_d726